000 00436nam a2200145 i 4500
001 87328
003 ES-MaACL
007 t|
008 041221s1921 ddr ||||1| ger d
100 1 _aKoetzschke, Rudolf.
_968463
245 1 0 _aGrundzüge der deutschen wirtschaltsges chichte bis zum 17 tahrhundert /
_cvon Rudolf Koetzsche.
260 _aLeipzig :
_bB.G. Teubner,
_c1921.
300 _a194 p. ;
_c26 cm.
852 _aES-MaACL
_jG-15710
999 _c87328
_d87328